Länder Nordamerikas nach Fläche (mit Karte) - Statistiken

Allgemein
  • Dieses Quiz wurde 27 mal gespielt
  • Das Durchschnittsergebnis liegt bei 19 aus 23
Antworten auf der Karte
Die Antworten werden auf der Karte rot bzw. grün angezeigt, abhängig davon wie oft sie richtig erraten wurden.
 
Antwortstatistiken
Hint Antwort % Korrekt
9'984'670 km² Kanada
100%
1'964'375 km² Mexiko
100%
9'525'067 km² USA
100%
13'880 km² Bahamas
85%
22'966 km² Belize
85%
51'100 km² Costa Rica
85%
21'041 km² El Salvador
85%
108'889 km² Guatemala
85%
27'750 km² Haiti
85%
112'090 km² Honduras
85%
10'991 km² Jamaika
85%
110'860 km² Kuba
85%
130'370 km² Nicaragua
85%
75'420 km² Panama
85%
5'128 km² Trinidad und Tobago
85%
430 km² Barbados
80%
48'670 km² Dominikanische Republik
80%
344 km² Grenada
80%
261 km² St. Kitts und Nevis
80%
616 km² St. Lucia
80%
751 km² Dominica
75%
389 km² St. Vincent und die Grenadinen
75%
443 km² Antigua und Barbuda
70%
Keine übereinstimmenden Quizze gefunden
Verteilung der Resultate
Anzahl Personen mit jedem Resultat
Perzentil nach korrekt beantworteten Fragen
Ihre Resultats-Entwicklung
Sie haben dieses Quiz noch nicht gespielt